International Economics: A Policy Approach (Record no. 839)

MARC details
005 - DATE AND TIME OF LATEST TRANSACTION
control field 20250318061825.0
020 ## - INTERNATIONAL STANDARD BOOK NUMBER
International Standard Book Number 0-15-541537-9
082 ## - DEWEY DECIMAL CLASSIFICATION NUMBER
Classification number 382.1 KRE
100 ## - MAIN ENTRY--PERSONAL NAME
Author name KREININ, M.E.
245 ## - TITLE STATEMENT
Title International Economics: A Policy Approach
250 ## - EDITION STATEMENT
Edition statement 14th Ed.
260 ## - PUBLICATION, DISTRIBUTION, ETC.
Place of publication, distribution, etc. New York,
Name of publisher, distributor, etc. Harcourt Brace Jovanovich,Inc,
Date of publication, distribution, etc. 1983.
300 ## - PHYSICAL DESCRIPTION
Extent xii,432p.: Ill,;figures.
Other physical details Bibliography,Index.
Dimensions 23cm.
942 ## - ADDED ENTRY ELEMENTS (KOHA)
Source of classification or shelving scheme Dewey Decimal Classification
Koha item type Books
Holdings
Date last seen Total checkouts Full call number Barcode Cost, replacement price Price effective from Koha item type Lost status Source of classification or shelving scheme Damaged status Not for loan Withdrawn status Home library Current library Shelving location Date acquired Cost, normal purchase price
03/18/2025   382.1 KRE 0000003455 30000.00 03/18/2025 Books   Dewey Decimal Classification       College of Business Education Main Library College of Business Education Main Library General Collection 03/18/2025 10000.00
03/18/2025   382.1 KRE 0000003456 30000.00 03/18/2025 Books   Dewey Decimal Classification       College of Business Education Main Library College of Business Education Main Library General Collection 03/18/2025 10000.00
03/18/2025   382.1 KRE 0000003457 30000.00 03/18/2025 Books   Dewey Decimal Classification       College of Business Education Main Library College of Business Education Main Library General Collection 03/18/2025 10000.00